Boletín del Ateneo de Zaragoza / (Record no. 189814)
[ view plain ]
| 000 -LEADER | |
|---|---|
| campo de control de longitud fija | 00820nas a2200265 i 4500 |
| 001 - NÚMERO DE CONTROL | |
| campo de control | 189814 |
| 003 - IDENTIFICADOR DE NÚMERO DE CONTROL | |
| campo de control | ES-MaACL |
| 005 - FECHA Y HORA DE LA ÚLTIMA TRANSACCIÓN | |
| campo de control | 20250724062615.0 |
| 007 - CAMPO FIJO DE DESCRIPCIÓN FÍSICA--INFORMACIÓN GENERAL | |
| campo de control de longitud fija | t| |
| 008 - DATOS DE LONGITUD FIJA--INFORMACIÓN GENERAL | |
| campo de control de longitud fija | 191128d19851997sp m| p | b||pa d |
| 022 ## - NÚMERO INTERNACIONAL NORMALIZADO PARA PUBLICACIONES SERIADAS | |
| Número Internacional Normalizado para Publicaciones Seriadas | 2483-0836 |
| 080 ## - NÚMERO DE LA CLASIFICACIÓN DECIMAL UNIVERSAL | |
| Número de la Clasificación Decimal Universal | 008 |
| 245 00 - MENCIÓN DEL TÍTULO | |
| Título | Boletín del Ateneo de Zaragoza / |
| Mención de responsabilidad, etc. | director, F. Solsona ; redactor jefe, L. García Camañes. |
| 260 ## - PUBLICACIÓN, DISTRIBUCIÓN, ETC. | |
| Lugar de publicación, distribución, etc. | Zaragoza : |
| Nombre del editor, distribuidor, etc. | Ateneo de Zaragoza, |
| Fecha de publicación, distribución, etc. | [1985-1997] |
| 300 ## - DESCRIPCIÓN FÍSICA | |
| Extensión | 5 v. : |
| Otras características físicas | il. ; |
| Dimensiones | 22 cm. |
| 362 0# - FECHAS DE PUBLICACIÓN Y/O DESIGNACIÓN SECUENCIAL | |
| Fecha de publicación y/o designación secuencial | Comenzó ca. 1985. |
| 590 0# - NOTA LOCAL (RLIN) | |
| Nota local | Descripción basada en: N. 42 (en. 1990) |
| 610 24 - PUNTO DE ACCESO ADICIONAL DE MATERIA--NOMBRE DE ENTIDAD CORPORATIVA | |
| Nombre de entidad corporativa o nombre de jurisdicción como elemento de entrada | Ateneo de Zaragoza. |
| 9 (RLIN) | 2034 |
| 650 #7 - PUNTO DE ACCESO ADICIONAL DE MATERIA--TÉRMINO DE MATERIA | |
| Término de materia o nombre geográfico como elemento de entrada | Cultura |
| Fuente del encabezamiento o término | embne |
| 9 (RLIN) | 170963 |
| 700 1# - ENTRADA AGREGADA--NOMBRE PERSONAL | |
| Nombre de persona | Solsona, Fernando. |
| 9 (RLIN) | 107252 |
| 710 2# - ENTRADA AGREGADA--NOMBRE DE ENTIDAD CORPORATIVA | |
| Nombre de entidad corporativa o nombre de jurisdicción como elemento de entrada | Ateneo de Zaragoza. |
| 9 (RLIN) | 2034 |
| 852 ## - LOCALIZACIÓN | |
| Ubicación | ES-MaACL |
| Número de control de estantería | Hem-1986 |
| 866 #0 - MENCIÓN TEXTUAL DE FONDOS--UNIDAD BIBLIOGRÁFICA BÁSICA | |
| Fondos | (1990),(1997 sólo jun.) |
| Estatus retirado | Estado de pérdida | Estado de daño | No para préstamo | Colección | Biblioteca de origen | Biblioteca actual | Ubicación en estantería | Fecha de adquisición | Fuente de adquisición | Total de préstamos | Signatura topográfica completa | Código de barras | Visto por última vez | Precio de reemplazo | Tipo de ítem Koha |
|---|---|---|---|---|---|---|---|---|---|---|---|---|---|---|---|
| Periódicos y Revistas | Biblioteca del Ateneo de Madrid | Biblioteca del Ateneo de Madrid | Hemeroteca | 28/11/2019 | Hem-1986 | 1201326 | 23/02/2023 | 23/02/2023 | Revista |
